Europäische Länder: Einwohner im Vergleich zu Städten - Statistiken

Allgemein
  • Dieses Quiz wurde 180 mal gespielt
  • Das Durchschnittsergebnis liegt bei 9 aus 11
Antwortstatistiken
Stadt Land % Korrekt
Leipzig Luxemburg/Montenegro
93%
London Griechenland/Portugal/Schweden/Tschechien/Ungarn
90%
Marburg Andorra
88%
Hamburg Lettland/Nordmazedonien/Slowenien
88%
Barcelona Irland/Norwegen/Slowakei
85%
Wernigerode San Marino
84%
München Estland/Zypern
81%
New York Niederlande/Rumänien
77%
Tokio Polen
74%
Wuppertal Island
73%
Berlin Bosnien und Herzegowina/Georgien/Moldawien
71%
Keine übereinstimmenden Quizze gefunden
Verteilung der Resultate
Anzahl Personen mit jedem Resultat
Perzentil nach korrekt beantworteten Fragen
Ihre Resultats-Entwicklung
Sie haben dieses Quiz noch nicht gespielt